Music Quiz

Random Music or Song Quiz

Billboard Hot 100 Quiz Stats

 Plays Quiz not verified by Sporcle

Score 0/50 Timer 07:00
0 Plays Today
Artist(s) Song % Correct
LordeRoyals
90%
Robin Thicke ft. T.I. & PharrellBlurred Lines
87.5%
Miley CyrusWrecking Ball
85%
Pitbull ft. Ke$haTimber
82.5%
Pharrell WilliamsHappy
82.5%
Imagine DragonsRadioactive
80%
AviciiWake Me Up!
80%
Katy Perry ft. Juicy JDark Horse
80%
OneRepublicCounting Stars
80%
Katy PerryRoar
77.5%
BastillePompeii
77.5%
Ellie GouldingBurn
75%
Eminem ft. RihannaThe Monster
75%
PassengerLet Her Go
72.5%
Beyonce ft. Jay-ZDrunk in Love
70%
A Great Big World ft. Christina AguileraSay Something
70%
Imagine DragonsDemons
67.5%
LordeTeam
67.5%
Idina MenzelLet It Go
65%
Jason Derulo ft. 2 ChainzTalk Dirty
65%
AWOLNATIONSAIL
62.5%
Capital CitiesSafe and Sound
60%
Sara BareillesBrave
57.5%
One DirectionStory of My Life
57.5%
Zedd ft. Hayley WilliamsStay the Night
55%
Artist(s) Song % Correct
The NeighbourhoodSweater Weather
55%
AviciiHey Brother
55%
John LegendAll of Me
55%
American AuthorsBest Day of My Life
52.5%
Mike WiLL Made-It ft. Miley Cyrus, Wiz Khalifa & Juicy J23
50%
Martin GarrixAnimals
47.5%
Drake ft. Majid JordanHold On, We're Going Home
47.5%
Shakira ft. RihannaCan't Remember to Forget You
47.5%
Macklemore & Ryan Lewis ft. ScHoolboy Q & HollisWhite Walls
45%
Aloe BlaccThe Man
42.5%
Lady Gaga ft. R KelleyDo What U Want
40%
Miley CyrusAdore You
40%
John NewmanLove Me Again
37.5%
DJ Snake & Lil JonTurn Down For What
32.5%
Bruno MarsYoung Girls
30%
Kid Ink ft. Chris BrownShow Me
30%
Demi LovatoNeon Lights
27.5%
YG ft. Jezzy & Rich Home QuanMy Hitta
27.5%
Brantley GilbertBottoms Up
12.5%
Ty Dolla $ign ft. BoBParanoid
12.5%
Eric PaslayFriday Night
10%
Cole SwindellChillin' It
10%
David NailWhatever She's Got
10%
Luke BryanDrink A Beer
7.5%
Jason AldeanWhen She Says Baby
2.5%

You're not logged in!

Compare scores with friends on all Sporcle quizzes.
OR
Log In

Show Comments

Extras

Top Quizzes Today


Score Distribution

Your Account Isn't Verified!

In order to create a playlist on Sporcle, you need to verify the email address you used during registration. Go to your Sporcle Settings to finish the process.

Report this User

Report this user for behavior that violates our Community Guidelines.

Details: